00961 2200325 4500001002100000005001500021035002000036007000300056008004100059100002300100245006800123300006000191020002200251082001100273084002000284264003600304336002100340337003000361338002300391440001700414520004600431650003000477700003200507990001600539990001600555990001600571990001600587990001600603990001600619INLIS00000000116488420241002015732 a0010-1024000029ta241002 b 0 ind 0 aMusa Qadarsyah, M.1 aStory of ant /cM. Musa Qadarsyah ; penerjemah, Adinda Presanti a6 halaman tidak bernomor :bIlustrasi berwarna ;c13 cm a978-979-26-9381-2 a2X1.22 aSR 2X1.22 MUS s aBandung :bPelangi Mizan,c2022 2rdacontentateks 2rdamediaatanpa perantara 2rdacarrieravolume aWow, amazing aMenceritakan kisah semut di surat an naml 4aAl Quran -- Cerita-cerita0 aAdinda Presantiepenerjemah a55060.67880 a55061.67881 a55102.67922 a55061.67881 a55103.67923 a55102.67922